Statistics for We Didn't Start the Fire Lyrics

Click here to take the quiz!

General Stats

  • This quiz has been taken 18,828 times
  • The average score is 50 of 119

Answer Stats

DescriptionAnswer% Correct
Actress born Norma JeaneMarilyn Monroe
90%
Newly Communist countryRed China
84%
WWII PresidentHarry Truman
75%
"Camelot" PresidentKennedy
75%
1963 Dallas assassinationJ.F.K. Blown Away
75%
Tiananmen Massacre countryChina's Under
Martial Law
73%
Rock and roll musician with
gyrating hips
Elvis Presley
73%
Republican presidentRichard Nixon,
Back Again
71%
Eisenhower's VPRichard Nixon
71%
Evil Soviet dictatorJoseph Stalin
71%
Country with a new queenEngland's Got a
New Queen
71%
New Cuban dictatorCastro
67%
1950's PresidentEisenhower
67%
Communist Asian country ...North Korea
65%
Physicist with crazy hairEinstein
63%
Wall built to divide this cityBerlin
63%
"Mania" over this British bandBritish Beatlemania
62%
Problematic Egyptian canalTrouble in the
Suez
62%
Disease caused by HIVAIDS
61%
That battled this neighboring countrySouth Korea
60%
Anaheim theme parkDisney Land
59%
Hippie musical festivalWoodstock
59%
North Vietnam leaderHo Chi Minh
58%
Salinger novelThe Catcher in
the Rye
58%
The boob tubeTelevision
57%
President elected in 1980Reagan
57%
Leader of the Lost Boys of NeverlandPeter Pan
57%
Like an A-bomb, but more powerfulH-Bomb
56%
Ill-fated invasion of CubaBay of Pigs
Invasion
56%
Red Scare senatorJoe McCarthy
56%
"Joltin" player for the YankeesJoe DiMaggio
56%
Hungarian capital that revolted
against the USSR
Budapest
55%
Soviet satelliteSputnik
55%
Landing on this celestial bodyMoonshot
55%
Method of preventing polioVaccine
55%
Hitchcock hotel moviePsycho
54%
Political scandal uncovered by
Woodward and Bernstein
Watergate
54%
Movie star who died in a car crashJames Dean
54%
Country of Africa that gains
independence from Belgium
Belgians in the
Congo
53%
U.S. State that had a bus boycottAlabama
53%
Country invaded by the USSRRussians
in Afghanistan
53%
American actress who married
Prince Rainier
Princess Grace
51%
"Crickets" singer who died
in a plane crash
Buddy Holly
51%
Fad hip-twirling toyHula Hoops
51%
Musical style of the Ramones
and the Clash
Punk Rock
51%
Musical about Anna and SiamThe King and I
50%
Flamboyant pianistLiberace
50%
"Profumo Affair" sex scandal
in this country
British
Politician Sex
50%
Movie about a Roman chariot racerBen-Hur
50%
Radical Islamic black activistMalcolm X
49%
Animal sent into spaceSpace Monkey
48%
1950's Russian premierKhruschchev
47%
"Old Man and the Sea Author"
commits suicide
Hemingway
47%
Bubbly blonde movie starDoris Day
45%
La Cosa NostraMafia
44%
This New York baseball team
actually won
Brooklyn's Got a
Winning Team
43%
Early white rock & rollerJohnnie Ray
43%
WWII movie about a Burmese bridgeBridge On The
River Kwai
42%
Singer of "The Twist"Chubby Checker
42%
Time-based rock song by Bill HaleyRock Around the
Clock
42%
Movie about T.E. LawrenceLawrence of Arabia
42%
"Bloc" led by the USSRCommunist Bloc
40%
Arkansas city and integration
battleground
Little Rock
39%
French PresidentCharles de Gaulle
39%
"The Pill"Birth Control
39%
Title of the Irani Supreme LeaderAyatollah's in Iran
39%
"On the Waterfront" actorBrando
39%
Game show with Vanna WhiteWheel of Fortune
39%
King of the Wild FrontierDavy Crockett
38%
President of ArgentinaJuan Perón
37%
New drug on urban streetsCrack
37%
Husband and wife atomic spiesRosenbergs
36%
Folk singer with a nasally voiceDylan
35%
First American in orbitJohn Glenn
35%
War of Coke vs PepsiRock and Roller
Cola Wars
35%
One enchanted Broadway musicalSouth Pacific
35%
Great middleweight boxerSugar Ray
34%
French actress and sex kittenBardot
34%
Start of protests in this area
controlled by Israeli
Palestine
34%
"On the Road" authorKerouac
33%
First U.S. female astronautSally Ride
33%
Drug that caused birth defectsChildren of
Thalidomide
32%
Defunct American car companyStudebaker
31%
Model of spy plane shot down
over Russia
U-2
31%
Ford model that floppedEdsel is a No-Go
30%
Suicide caused by listening to
this genre of music
Heavy Metal
Suicide
29%
This medical waste washes up
on the Jersey shore
Hypodermics on
the Shores
26%
The new popePope Paul
26%
Baseball teams relocate hereCalifornia
Baseball
25%
Forced integration of this
Southern university
Ole Miss
25%
Yankees slugger wins Triple CrownMickey Mantle
25%
Undefeated heavyweight boxerMarciano
24%
Egyptian strongmanNasser
24%
Nazi criminal caught in ArgentinaEichmann
24%
Arkansas playboy and oil heirRockefeller
23%
The result of deficitsForeign Debts
22%
Middle East where the US intervenedLebanon
22%
"Peter and the Wolf" composerand Prokofiev
21%
Plane hijackingsTerror on the
Airline
21%
Gossiping anti-Communist radio manWalter Winchell
21%
Sci-fi novel by Robert HeinleinStranger in
a Strange Land
20%
"Doctor Zhivago" authorPasternak
19%
Pay-to-play radio scandalPayola
18%
Issue raised by
"Born on the Fourth of July"
Homeless Vets
18%
Successor to the aboveMalenkov
18%
Site of France's suprise defeat
in Vietnam
Dien Bien Phu
Falls
18%
Philosopher who wasn't
condemned to repeat the past
Santayana
Goodbye
17%
New York subway vigilanteBernie Goetz
17%
This boxer beats Floyd PattersonListon beats
Patterson
17%
Provocative novel by Grace MetaliousPeyton Place
17%
Peace-seeking Israeli P.M.Menachem Begin
16%
City in the Korean DMZPanmunjom
16%
Synthetic fiber invented by DuPontDacron
16%
Paralyzed black baseball playerCampanella
15%
First president of South KoreaSyngman Rhee
13%
Jewish Red Scare prosecutorRoy Cohn
13%
Italian maestroToscanini
13%
1958 serial killerStarkweather
Homicide
12%
Influential Chinese politicianZhou Enlai
12%

Score Distribution

Percentile by Number Answered

Percent of People with Each Score

Your Score History

You have not taken this quiz